000 01769cam a22004814i 4500
003 PE-LiUPU
005 20250731172942.0
008 150623s1994 miu rb 001 0 eng d
020 _a0310530903
035 _a(Sirsi) i9780310530909
040 _aPE-LiUPU
_bspa
_cPE-LiUPU
_erda
049 _aPRUA
082 0 4 _a220.601
_bK17
_221
100 1 _aKaiser, Walter C.,
_eautor.
245 1 0 _aAn introduction to biblical hermeneutics :
_bthe search for meaning /
_cWalter C. Kaiser, Moisés Silva.
264 1 _aMichigan :
_bZondervan Publishing House,
_c1994.
300 _a298 páginas ;
_c24 centímetros
336 _atext
_2rdacontent
337 _aunmediated
_2rdamedia
338 _avolume
_2rdacarrier
504 _aIncluye bibliografía.
504 _aÍndice : páginas 296-298.
505 0 _aThe search for meaning: initial directions -- Understanding the text: meaning in literary genres -- Responding to the text: Meaning and Application -- The search for meaning: further challenges.
526 _aSEG42
526 _aSEG41
526 _aSEG40
526 _aSEG39
526 _aP94
526 _aP87
526 _aP86
526 _aP85
526 _aP77
526 _aP76
526 _aP35
650 0 4 _aHermenéutica bíblica
_xIntroducciones.
700 1 _aSilva, Moisés,
_eautor.
942 _2ddc
_cBOOK
949 _a220.601 K17
_wDEWEY
_c1
_i44623
_lCCODEBUL1
_mBUL
_r0
_sY
_tBOOK
_u2015-6-24
_xTEOLOGIA
_PP35
_0COMPRA
_o.STAFF. Colección Teología
994 _aC0
_bPEPRU
596 _a1
999 _a220.601 K17
_wDEWEY
_c21480
_i44623
_d21480
_f2022-5-3
_g3
_lCCODEBUL1
_mBUL
_p10.00
_q1
_r0
_sY
_tBOOK
_u2015-6-24
_xTEOLOGIA
_PP35
_0COMPRA
_o.STAFF. Colección Teología
980 _81
_gALBERTO SANCHEZ Responsable de Automatización